000 00747nam a2200289Ia 4500
005 20260324115337.0
008 008 260324s9999 xx 000 0 eng d
020 _a9781351032261
037 _aEBOOK
040 _aCRL
040 _beng
040 _cCRL
041 _2eng
041 _aeng
084 _qCRL
100 _aPeter T. Davis; Barry D. Lewis
_91154298
245 0 _aProject Management Capability Assessment
245 0 _bPerforming ISO 33000-Based Capability Assessments of Project Management
260 _bTaylor and Francis
260 _c2018
365 _a
365 _b405
856 _uhttp://www.taylorfrancis.com/books/9781351032261
942 _cEBOOK
999 _c1745119
_d1745119